000 01339nam a22002657a 4500
005 20180605142445.0
008 140804b xxu||||| |||| 00| 0 hin d
010 _aHIN-104114 राष्ट्रपति-2 B-694153
020 _c350.00
_a9789380920214
035 _aHN-76460
035 _aB-694153
037 _bDBAD / PUB
037 _bअनुराग
040 _aDPL
_bHN
082 _a921
100 _aसिंह, संचिता
245 _aवीर शिवाजी /
_cसंचिता सिंह
246 _aVeer Shivaji
_bby Sanchita Singh
260 _aनई दिल्ली
_bसनशाइन बुक्स
_c2014
_c2015 राष्ट्रपति-2
270 _a4760-61, (द्वितीय तल) 23, अंसारी रोड, दरियागंज
_bनई दिल्ली
_e110002
300 _a176पृ
_c22सेमी (सजिल्द)
500 _aराष्ट्रपति-2
942 _2ddc
_cHN
_mसिंहसं
_h921
999 _c90048
_d90048